| 000 | 00871nac a22002657a 4500 | ||
|---|---|---|---|
| 001 | BR9002111 | ||
| 003 | BR-BrBNA | ||
| 005 | 20240105121121.0 | ||
| 008 | 230509b bl.|||m| |||| 00| 0 por d | ||
| 040 |
_aBR-BrBNA _bpor _cBiblioteca Nacional de Agricultura |
||
| 072 | _aC20 | ||
| 090 | _aC20 BR9002111 | ||
| 100 | 1 | _aLopes, F.T. | |
| 100 | 1 | _aAlves, J.F. | |
| 100 | 1 | _aPrata, M.A.C. | |
| 110 | 1 | _aEmpresa de Assistencia Tecnica e Extensao Rural do Ceara, Fortaleza (Brasil) | |
| 245 | 1 | _aProposta de extensao alternativa para o municipio de Icapui | |
| 260 | 3 |
_aFortaleza, CE (Brasil): _c1987. |
|
| 300 | _a22 p. | ||
| 490 |
_aProgramas e Projetos - Empresa de Assistencia Tecnica e Extensao Rural do Ceara (Brazil) _vno. 23 _x |
||
| 650 | _aEXTENSAO RURAL | ||
| 650 | _aCEARA | ||
| 909 |
_a202312 _bLúcia Elande _c55 _dLúcia Elande |
||
| 942 |
_2AGRIS _n0 _cMS |
||
| 999 |
_c283394 _d283394 |
||